Novela zákona o správe daní a poplatkov

Zákonom č. 191/2004 Z.z. bol novelizovaný pôvodný zákon č. 511/1992 Zb. o správe daní a poplatkov. Cieľom novely je legislatívne spresnenie niektorých ustanovení zákona o správe daní, ako aj odstránenie tých nedostatkov v právnej úprave správy daní, ktoré v praxi napriek viacnásobnej úprave tejto...

Descrizione completa

Salvato in:
Dettagli Bibliografici
Autore principale: Beňová, Marcela
Natura: Capitolo di libro
Lingua:slovacco
Soggetti:
Tags: Aggiungi Tag
Nessun Tag, puoi essere il primo ad aggiungerne!!

MARC

LEADER 00000naa$a2200000$$$4500
001 0010346
005 20231003105632.2
041 0 |a slo 
044 |a SK 
245 1 0 |a Novela zákona o správe daní a poplatkov  |c aut. Marcela Beňová 
520 |a Zákonom č. 191/2004 Z.z. bol novelizovaný pôvodný zákon č. 511/1992 Zb. o správe daní a poplatkov. Cieľom novely je legislatívne spresnenie niektorých ustanovení zákona o správe daní, ako aj odstránenie tých nedostatkov v právnej úprave správy daní, ktoré v praxi napriek viacnásobnej úprave tejto základnej procesnej normy pretrvávali. 
610 2 0 |a správa daňová 
610 2 0 |a dane 
610 2 0 |a poplatky 
610 2 0 |a zákony 
610 2 0 |a novelizácia 
610 2 0 |a 2004 
100 1 |a Beňová, Marcela